[Event "Offene Hessische Senioren Einzelmeisters"]
[Site "Bad Sooden- Allendorf"]
[Date "2011.05.04"]
[Round "5.59"]
[White "Alefs, Willi"]
[Black "Sailer, Hans-Peter"]
[Result "0-1"]
[WhiteElo "1907"]
[BlackElo "1904"]
[PlyCount "127"]
[EventDate "2011.??.??"]

1. c4 e5 2. Nc3 Nf6 3. g3 Bb4 4. Bg2 O-O 5. Qb3 Bxc3 6. Qxc3 d6 7. d3 Nc6 8. b3
Ne8 9. Nf3 Bg4 10. h3 Bd7 11. Bb2 f5 12. e3 Qf6 13. Nh2 Kh8 14. O-O Qg6 15. Nf3
f4 16. Nh4 Qg5 17. exf4 exf4 18. Bc1 Qh5 19. Bf3 Qe5 20. Qxe5 dxe5 21. g4 Nd6
22. Bb2 Rae8 23. a3 e4 24. dxe4 Nxe4 25. Rad1 Bc8 26. Kg2 Na5 27. Rd4 Ng5 28.
b4 Nc6 29. Rd5 Nxf3 30. Kxf3 Kg8 31. Rg5 Rf7 32. Nf5 Bxf5 33. gxf5 Ne5+ 34.
Bxe5 Rxe5 35. Kxf4 Re2 36. Rg3 Rd2 37. Ke3 Rc2 38. Kd3 Ra2 39. Ke4 h6 40. f4
Rd2 41. Kf3 Rxf5 42. Kg4 Rf6 43. Re3 Rg2+ 44. Kf3 Rc2 45. c5 a5 46. Rf2 Rc1 47.
Rfe2 Rf1+ 48. Kg2 R1xf4 49. bxa5 Rc4 50. Rb3 Rxc5 51. Rxb7 Rxa5 52. Rxc7 Rxa3
53. Ree7 Rg6+ 54. Kh2 Ra2+ 55. Kh1 Rf2 56. Re8+ Rf8 57. Re3 Rgf6 58. Rcc3 Rf2
59. Kg1 Rd2 60. Rf3 Rxf3 61. Rxf3 g5 62. Rg3 Kg7 63. h4 Kg6 64. Kf1 0-1

[Event "Offene Hessische Senioren Einzelmeisters"]
[Site "Bad Sooden- Allendorf"]
[Date "2011.05.04"]
[Round "5.60"]
[White "Kluger, Hans-Peter"]
[Black "van Houten, Henk"]
[Result "1/2-1/2"]
[WhiteElo "1944"]
[BlackElo "1839"]
[PlyCount "58"]
[EventDate "2011.??.??"]

1. e4 e5 2. Nf3 d6 3. Bc4 c6 4. Nc3 Be7 5. O-O b5 6. Bb3 a6 7. d3 Nd7 8. Be3
Nf8 9. d4 Qc7 10. dxe5 dxe5 11. Ne2 Be6 12. c3 Rd8 13. Qc2 c5 14. Bxe6 Nxe6 15.
a4 Nf6 16. a5 Ng4 17. Bd2 O-O 18. h3 Nf6 19. Be3 Qb7 20. Ng3 Bd6 21. Rfd1 Bc7
22. Ng5 Rxd1+ 23. Rxd1 Nxg5 24. Bxg5 Qc6 25. f3 g6 26. Bxf6 Qxf6 27. b4 Qe7 28.
Ne2 c4 29. Rd5 Rd8 1/2-1/2

[Event "Offene Hessische Senioren Einzelmeisters"]
[Site "Bad Sooden- Allendorf"]
[Date "2011.05.04"]
[Round "5.61"]
[White "Burckhardt, Karl"]
[Black "Jung, Prof. Michael"]
[Result "1-0"]
[WhiteElo "1974"]
[BlackElo "1833"]
[PlyCount "67"]
[EventDate "2011.??.??"]

1. e4 Nf6 2. e5 Nd5 3. Nc3 c6 4. Nf3 e6 5. Nxd5 cxd5 6. d4 d6 7. Bd3 dxe5 8.
dxe5 Be7 9. O-O Nc6 10. c3 a6 11. Re1 b5 12. Nd4 Na5 13. Qg4 g6 14. Bh6 Kd7 15.
b4 Nc4 16. Bxc4 bxc4 17. a4 Bb7 18. b5 Bc5 19. Qf4 Ke8 20. Nf3 Be7 21. Reb1 f6
22. Bg7 g5 23. Qg4 h5 24. Qxe6 Bc8 25. Qc6+ Bd7 26. Qxd5 Rf8 27. Bxf8 Kxf8 28.
Rd1 axb5 29. Qxd7 Qa5 30. Qxb5 Qxc3 31. Rac1 Qa3 32. exf6 Bxf6 33. Qc6 Qxa4 34.
Qxf6+ 1-0

[Event "Offene Hessische Senioren Einzelmeisters"]
[Site "Bad Sooden- Allendorf"]
[Date "2011.05.04"]
[Round "5.62"]
[White "Reimann, Günther"]
[Black "Zoll, Theo"]
[Result "1/2-1/2"]
[WhiteElo "1959"]
[BlackElo "1753"]
[PlyCount "58"]
[EventDate "2011.??.??"]

1. c4 c6 2. d4 d5 3. e3 Nf6 4. Nf3 Bf5 5. Nc3 e6 6. Qb3 Qc7 7. Bd2 Nbd7 8. Rc1
Bd6 9. cxd5 exd5 10. Nb5 Qb8 11. Nxd6+ Qxd6 12. Bb4 Qc7 13. Be2 a5 14. Bc3 O-O
15. O-O Ne4 16. Be1 Ndf6 17. Nd2 Qe7 18. Nf3 Nd6 19. Bd3 Nfe4 20. a3 Rfc8 21.
Qd1 a4 22. Bb4 Qd8 23. Ne1 Qd7 24. Bc2 b5 25. Bxd6 Nxd6 26. Bxf5 Qxf5 27. Qd3
Qxd3 28. Nxd3 Nc4 29. Rc2 f6 1/2-1/2

[Event "Offene Hessische Senioren Einzelmeisters"]
[Site "Bad Sooden- Allendorf"]
[Date "2011.05.04"]
[Round "5.63"]
[White "Preiß, Lore"]
[Black "Fleischer, Matthias"]
[Result "0-1"]
[WhiteElo "1473"]
[BlackElo "1892"]
[PlyCount "124"]
[EventDate "2011.??.??"]

1. d4 Nf6 2. Nf3 g6 3. Nbd2 d5 4. e3 Bg7 5. Be2 O-O 6. O-O Nbd7 7. c4 e6 8. Qc2
Re8 9. e4 dxe4 10. Nxe4 Nxe4 11. Qxe4 Nf6 12. Qc2 b6 13. Bg5 Bb7 14. Rad1 Qe7
15. Rfe1 h6 16. Bf4 Rad8 17. h3 c6 18. Be5 Rd7 19. Rd2 Red8 20. c5 b5 21. b4
Ne8 22. Bxg7 Nxg7 23. Red1 Nf5 24. Qe4 Qf6 25. Qe5 Qe7 26. Qe4 Rd5 27. Ne5 Qf6
28. Ng4 Qg7 29. Ne5 f6 30. Nf3 Qf7 31. g4 Ng7 32. Nh4 e5 33. Qxg6 Qxg6 34. Nxg6
Kf7 35. Nh4 Ke6 36. Bf3 Rxd4 37. Rxd4 Rxd4 38. Rxd4 exd4 39. Kf1 Ne8 40. Ke2
Nc7 41. a3 Nd5 42. Bxd5+ Kxd5 43. Kd3 Bc8 44. Nf3 f5 45. Nh2 fxg4 46. hxg4 Ke5
47. f3 Be6 48. f4+ Kxf4 49. Kxd4 Bxg4 50. Kd3 h5 51. Kd2 h4 52. Ke1 Be6 53. Kf2
Bd5 54. Kg1 h3 55. Nf1 a6 56. Kh2 Bg2 57. Ng3 Ke5 58. Kg1 Kd5 59. Kf2 Kc4 60.
Ne2 Kb3 61. Nd4+ Kxa3 62. Nc2+ Kb3 0-1

[Event "Offene Hessische Senioren Einzelmeisters"]
[Site "Bad Sooden- Allendorf"]
[Date "2011.05.04"]
[Round "5.64"]
[White "Josting, Friedel"]
[Black "Alvarez, Luis"]
[Result "1/2-1/2"]
[WhiteElo "2023"]
[BlackElo "1869"]
[PlyCount "44"]
[EventDate "2011.??.??"]

1. d4 d5 2. Nf3 Nf6 3. e3 Bf5 4. c4 e6 5. Nc3 c6 6. Bd3 Bxd3 7. Qxd3 dxc4 8.
Qxc4 Nbd7 9. O-O Bd6 10. e4 e5 11. Re1 O-O 12. h3 h6 13. Be3 Re8 14. Rad1 Qe7
15. Nh4 Bc7 16. d5 Nb6 17. Bxb6 Bxb6 18. dxc6 Rac8 19. Nf5 Qf8 20. Nd5 Rxc6 21.
Qe2 g6 22. Nxb6 Rxb6 1/2-1/2

[Event "Offene Hessische Senioren Einzelmeisters"]
[Site "Bad Sooden- Allendorf"]
[Date "2011.05.04"]
[Round "5.65"]
[White "Wieprecht, Gerhard"]
[Black "Fritsche, Rainer"]
[Result "1-0"]
[WhiteElo "1922"]
[BlackElo "1657"]
[PlyCount "50"]
[EventDate "2011.??.??"]

1. e4 e6 2. d4 d5 3. Nc3 Nf6 4. Bg5 Be7 5. e5 Nfd7 6. h4 a6 7. Qg4 h5 8. Bxe7
hxg4 9. Bxd8 Kxd8 10. f4 c5 11. dxc5 Nxc5 12. O-O-O b5 13. a3 Kc7 14. Bd3 Bb7
15. Re1 Nxd3+ 16. cxd3 Nd7 17. a4 Kb6 18. Nge2 Rac8 19. Kb1 g6 20. g3 Rc7 21.
Rc1 Ka7 22. axb5 Rd8 23. Rhd1 Kb6 24. Rc2 f5 25. exf6 Nxf6 {
weitere 36Züge nicht rekonstruierbar} 1-0

[Event "Offene Hessische Senioren Einzelmeisters"]
[Site "Bad Sooden- Allendorf"]
[Date "2011.05.04"]
[Round "5.66"]
[White "Borkenhagen, Bernd"]
[Black "Gebuhr, Günter"]
[Result "1/2-1/2"]
[WhiteElo "1724"]
[BlackElo "1951"]
[PlyCount "99"]
[EventDate "2011.??.??"]

1. c4 Nf6 2. d3 c5 3. Nc3 Nc6 4. e3 e6 5. a3 Be7 6. Be2 O-O 7. Bf3 d5 8. cxd5
exd5 9. d4 cxd4 10. exd4 Be6 11. Nge2 Qd7 12. O-O Bg4 13. Bxg4 Qxg4 14. f3 Qd7
15. b4 Rac8 16. Bb2 Rfe8 17. Qb3 Qe6 18. Rae1 Qe3+ 19. Kh1 Nxd4 20. Nxd4 Qxd4
21. Ne2 Qc4 22. Qa4 a6 23. Bxf6 Bxf6 24. Ng3 Kf8 25. Qd1 b5 26. Nf5 Rxe1 27.
Rxe1 Rd8 28. Ng3 Qc3 29. Qc1 Qxc1 30. Rxc1 Bb2 31. Rc6 Bxa3 32. Rxa6 Bxb4 33.
Rb6 Be1 34. Rxb5 d4 35. Nf1 d3 36. Rb1 d2 37. Rd1 Ke7 38. Kg1 Ke6 39. Ne3 Ke5
40. Kf1 Kf4 41. Ke2 h5 42. g3+ Kg5 43. Ng2 Re8+ 44. Kf1 f5 45. h4+ Kf6 46. Nxe1
dxe1=Q+ 47. Rxe1 Rxe1+ 48. Kxe1 Ke5 49. Kf2 f4 50. g4 1/2-1/2

[Event "Offene Hessische Senioren Einzelmeisters"]
[Site "Bad Sooden- Allendorf"]
[Date "2011.05.04"]
[Round "5.67"]
[White "Claus, Joachim"]
[Black "Krotofil, Kurt"]
[Result "1-0"]
[WhiteElo "1855"]
[BlackElo "2039"]
[PlyCount "115"]
[EventDate "2011.??.??"]

1. d4 Nf6 2. Nf3 e6 3. g3 d5 4. Bg2 c5 5. c4 Nc6 6. O-O Be7 7. Nc3 dxc4 8. dxc5
Qxd1 9. Rxd1 Bxc5 10. Bg5 Be7 11. Rac1 O-O 12. Nb5 h6 13. Bf4 Nd5 14. Rxc4 Nxf4
15. Rxf4 Nb4 16. a3 Nd5 17. Rc4 Bf6 18. b4 Bd7 19. Nbd4 Rac8 20. Rdc1 Rxc4 21.
Rxc4 Rc8 22. Rxc8+ Bxc8 23. e4 Nc3 24. e5 Be7 25. Nd2 Kf8 26. f4 Ke8 27. Kf2
Kd8 28. Ke3 Kc7 29. Kd3 Nd5 30. Nc4 Bd7 31. Bxd5 exd5 32. Ne3 Bc6 33. Kc3 a6
34. a4 b6 35. b5 axb5 36. axb5 Bb7 37. Nef5 Kd7 38. Nxg7 Bf8 39. Ngf5 h5 40. h3
Bc8 41. g4 hxg4 42. hxg4 Ke8 43. Ne3 Bb7 44. g5 Bg7 45. Ndf5 Bf8 46. Nd4 Bg7
47. Nb3 Bf8 48. Kd4 Ba3 49. Nxd5 Bb2+ 50. Kc4 Bc8 51. Nxb6 Bh3 52. Na4 Ba3 53.
b6 Kd7 54. Kd4 Bg2 55. Nbc5+ Kc8 56. e6 fxe6 57. Ke5 Bc1 58. g6 1-0

[Event "Offene Hessische Senioren Einzelmeisters"]
[Site "Bad Sooden- Allendorf"]
[Date "2011.05.04"]
[Round "5.68"]
[White "Huhn, Ulrich"]
[Black "Krüger, Bernhard"]
[Result "1-0"]
[WhiteElo "2030"]
[BlackElo "1789"]
[PlyCount "102"]
[EventDate "2011.??.??"]

1. d4 Nf6 2. Nc3 d5 3. Bg5 e6 4. e4 Be7 5. exd5 Nxd5 6. Bxe7 Nxe7 7. Bd3 Nd7 8.
Nf3 Nf6 9. Ne5 Ng6 10. O-O Nxe5 11. dxe5 Nd5 12. Qg4 g6 13. Ne4 f5 14. exf6
Nxf6 15. Qh4 Nxe4 16. Qxd8+ Kxd8 17. Bxe4 Ke7 18. f4 c6 19. Rad1 Bd7 20. Rd3
Rhf8 21. Rfd1 Rad8 22. g3 Bc8 23. Rxd8 Rxd8 24. Rxd8 Kxd8 25. Kf2 Ke7 26. Ke3
c5 27. h4 Kf6 28. g4 b6 29. g5+ Kg7 30. Bc6 h5 31. Ke4 Kf8 32. Ke5 Ke7 33. Be4
Kf7 34. Kd6 Ba6 35. Bc6 Be2 36. Bd7 Bg4 37. c3 Bf5 38. Bb5 Bb1 39. Bc4 Bf5 40.
a3 Bg4 41. a4 Ke8 42. Bxe6 Kd8 43. Bc4 Bf5 44. a5 Be4 45. axb6 axb6 46. Bb5 Kc8
47. Bc6 Bd3 48. Bd5 Kb8 49. Ke5 Kc7 50. Be4 Bxe4 51. Kxe4 Kd6 1-0

[Event "Offene Hessische Senioren Einzelmeisters"]
[Site "Bad Sooden- Allendorf"]
[Date "2011.05.04"]
[Round "5.69"]
[White "Droese, Dr. Manfred"]
[Black "Mertens, Gottfried"]
[Result "0-1"]
[WhiteElo "1844"]
[BlackElo "1982"]
[PlyCount "108"]
[EventDate "2011.??.??"]

1. Nf3 f5 2. d4 Nf6 3. g3 g6 4. Bg2 Bg7 5. O-O O-O 6. c4 d6 7. Nc3 Nc6 8. e3 e5
9. dxe5 dxe5 10. Qc2 Be6 11. Rd1 Qe7 12. b3 h6 13. Bb2 e4 14. Ne1 Nb4 15. Qe2
c6 16. a3 Na6 17. Qc2 Ng4 18. h3 Ne5 19. Ne2 Nc5 20. Bxe5 Bxe5 21. Rab1 Bf7 22.
Bf1 Rad8 23. b4 Ne6 24. Rxd8 Rxd8 25. Rd1 Qf6 26. Nc1 g5 27. Nb3 b6 28. Rxd8+
Qxd8 29. Be2 Bg6 30. Qd1 Qxd1 31. Bxd1 f4 32. Nc2 Bc3 33. gxf4 gxf4 34. exf4
Nxf4 35. Ne3 Nd3 36. Bg4 Bb2 37. Nc2 c5 38. b5 Bc3 39. Ne3 Kf7 40. Be2 Bb2 41.
a4 Bc3 42. Nd1 Be5 43. a5 Nf4 44. Bf1 Ke6 45. axb6 axb6 46. Ne3 Bh5 47. Nd2 Bg6
48. Ng4 Bc3 49. Nb1 Bg7 50. Ne3 h5 51. Nd2 Bc3 52. Nb3 Ke5 53. Nc1 Bf7 54. Ng2
Nxh3+ 0-1

[Event "Offene Hessische Senioren Einzelmeisters"]
[Site "Bad Sooden- Allendorf"]
[Date "2011.05.04"]
[Round "5.70"]
[White "Schmitthöfer, Herbert"]
[Black "Narr, Irmgard"]
[Result "1-0"]
[WhiteElo "1914"]
[BlackElo "1780"]
[PlyCount "118"]
[EventDate "2011.??.??"]

1. d4 Nf6 2. c4 b6 3. Nf3 Bb7 4. Nc3 e6 5. g3 Bb4 6. Bg2 Ne4 7. Qc2 Nxc3 8.
bxc3 Be7 9. O-O d6 10. a4 a5 11. Rd1 Nd7 12. e4 O-O 13. e5 Rc8 14. Be3 Re8 15.
c5 d5 16. c4 c6 17. cxb6 Nxb6 18. c5 Nc4 19. Qc3 Ba6 20. Nd2 Nxe3 21. Qxe3 Bg5
22. f4 Bh6 23. Rab1 Rb8 24. Rxb8 Qxb8 25. Rb1 Qc7 26. Qb3 g5 27. fxg5 Bxg5 28.
Nf3 Bh6 29. Bf1 Bxf1 30. Kxf1 Ra8 31. g4 Qe7 32. h4 Bg7 33. Qb7 Qe8 34. Rb6 f6
35. exf6 Bxf6 36. g5 Bg7 37. Qxc6 Qxc6 38. Rxc6 Kf7 39. Rc7+ Kg6 40. h5+ Kxh5
41. Rxg7 Rf8 42. Kg2 h6 43. gxh6 Kxh6 44. Re7 Rf6 45. c6 Rg6+ 46. Kf2 Rf6 47.
Ke3 Rf8 48. c7 Rc8 49. Rxe6+ Kg7 50. Rc6 Kf7 51. Kf4 Ke7 52. Ke5 Kd7 53. Kxd5
Rxc7 54. Rxc7+ Kxc7 55. Ke5 Kb7 56. d5 Kc7 57. d6+ Kd7 58. Kd5 Kd8 59. Ne5 Kc8
1-0

[Event "Offene Hessische Senioren Einzelmeisters"]
[Site "Bad Sooden- Allendorf"]
[Date "2011.05.04"]
[Round "5.71"]
[White "Samarian, Cornel"]
[Black "Aepfler, Gerhard"]
[Result "1/2-1/2"]
[WhiteElo "1757"]
[BlackElo "2003"]
[PlyCount "54"]
[EventDate "2011.??.??"]

1. d4 d5 2. Nf3 Nf6 3. g3 c5 4. dxc5 Nc6 5. e3 e5 6. Be2 Bxc5 7. O-O Bh3 8. Re1
O-O 9. Nh4 e4 10. Nd2 Qe7 11. Ng2 Bxg2 12. Kxg2 Rad8 13. c3 h6 14. Nb3 Bb6 15.
Nd4 Nxd4 16. cxd4 Nh7 17. Bd2 g5 18. Qb3 f5 19. Bb4 Qe6 20. Bxf8 Rxf8 21. Rad1
g4 22. Rh1 Ng5 23. Rc1 Rd8 24. Rc2 Qf7 25. Kf1 h5 26. Ke1 Qh7 27. Kd1 h4
1/2-1/2

[Event "Offene Hessische Senioren Einzelmeisters"]
[Site "Bad Sooden- Allendorf"]
[Date "2011.05.04"]
[Round "5.73"]
[White "Hoffmann, Erich"]
[Black "Preiß, Gerhard"]
[Result "1/2-1/2"]
[WhiteElo "1914"]
[BlackElo "1799"]
[PlyCount "60"]
[EventDate "2011.??.??"]

1. e4 e6 2. d4 d5 3. e5 c5 4. c3 Nc6 5. Nf3 Qb6 6. Bd3 cxd4 7. cxd4 Bd7 8. O-O
Be7 9. Bc2 f6 10. Nc3 Qc7 11. Bf4 f5 12. Nb5 Qd8 13. Nd6+ Bxd6 14. exd6 Nf6 15.
Re1 O-O 16. Ne5 Qe8 17. Nxd7 Qxd7 18. Ba4 Ne4 19. Bxc6 bxc6 20. Qe2 Rfe8 21.
Qa6 Nxd6 22. Rac1 Nc4 23. b3 Nb6 24. Re3 Rec8 25. Qe2 Re8 26. Re1 Kf7 27. Qh5+
Kg8 28. Rh3 g6 29. Qh4 Rac8 30. Be5 Qf7 1/2-1/2

[Event "Offene Hessische Senioren Einzelmeisters"]
[Site "Bad Sooden- Allendorf"]
[Date "2011.05.04"]
[Round "5.74"]
[White "Barlo, Werner"]
[Black "Bangert, Rüdiger"]
[Result "1-0"]
[WhiteElo "1901"]
[BlackElo "1684"]
[PlyCount "60"]
[EventDate "2011.??.??"]

1. d4 Nf6 2. Nf3 d6 3. h3 g6 4. c4 Bg7 5. Nc3 b6 6. e4 Bb7 7. Bd3 O-O 8. Be3 c5
9. d5 Na6 10. a3 Nc7 11. Qd2 e6 12. Bh6 e5 13. Bxg7 Kxg7 14. O-O Nh5 15. Ne2
Bc8 16. Kh2 f5 17. Ng3 Nxg3 18. fxg3 f4 19. gxf4 exf4 20. Rae1 g5 21. e5 dxe5
22. Rxe5 h6 23. Qe2 Rf7 24. Qe4 Qf6 25. d6 Rb8 26. dxc7 Rb7 27. Re8 Bf5 28.
Qxb7 Bxd3 29. Rfe1 g4 30. hxg4 Bxc4 1-0

[Event "Offene Hessische Senioren Einzelmeisters"]
[Site "Bad Sooden- Allendorf"]
[Date "2011.05.04"]
[Round "5.75"]
[White "Jobski, Werner"]
[Black "Fromme, Werner"]
[Result "1/2-1/2"]
[WhiteElo "1860"]
[BlackElo "1935"]
[PlyCount "38"]
[EventDate "2011.??.??"]

1. e4 c5 2. Nf3 e6 3. d4 cxd4 4. Nxd4 d6 5. Be2 Be7 6. Nc3 a6 7. Be3 Nf6 8. O-O
O-O 9. Qd2 e5 10. Nf3 Be6 11. Ng5 d5 12. exd5 Bf5 13. Rad1 Bb4 14. a3 Bxc3 15.
bxc3 Qa5 16. Ra1 Qxd5 17. Qc1 h6 18. Rd1 Qc6 19. Nf3 Qxc3 1/2-1/2

[Event "Offene Hessische Senioren Einzelmeisters"]
[Site "Bad Sooden- Allendorf"]
[Date "2011.05.04"]
[Round "5.76"]
[White "Scholze, Roland"]
[Black "Hampe, Werner"]
[Result "0-1"]
[WhiteElo "1986"]
[BlackElo "1834"]
[PlyCount "60"]
[EventDate "2011.??.??"]

1. e4 c5 2. Nf3 Nc6 3. c3 d6 4. d4 cxd4 5. cxd4 e6 6. Nc3 a6 7. Be3 Be7 8. Rc1
Nf6 9. Bd3 O-O 10. O-O Re8 11. Bb1 g6 12. h3 Nh5 13. d5 Ne5 14. dxe6 Bxe6 15.
b3 Rc8 16. Nd4 Bd7 17. Qe2 Nc6 18. Nd5 Nxd4 19. Bxd4 Bc6 20. Nxe7+ Qxe7 21. f3
Nf4 22. Qb2 Qg5 23. Kh1 Ne2 24. Rcd1 Ng3+ 25. Kg1 Nh5 26. Bb6 d5 27. exd5 Bxd5
28. Qd4 Bc6 29. Ba5 Qxa5 30. b4 Qe5 0-1

[Event "Offene Hessische Senioren Einzelmeisters"]
[Site "Bad Sooden- Allendorf"]
[Date "2011.05.04"]
[Round "5.77"]
[White "Willms, Willi"]
[Black "Ludwig, Richard"]
[Result "1-0"]
[WhiteElo "1939"]
[BlackElo "1716"]
[PlyCount "93"]
[EventDate "2011.??.??"]

1. e4 Nf6 2. e5 Nd5 3. d4 d6 4. c4 Nb6 5. exd6 exd6 6. Be3 Bf5 7. Nc3 Be7 8.
Nf3 O-O 9. h3 h6 10. Be2 N8d7 11. O-O Nf6 12. Bd3 Bxd3 13. Qxd3 Re8 14. b3 Nh7
15. Rfe1 Ng5 16. Nh2 Bf6 17. Rad1 Rc8 18. Re2 a6 19. Rde1 Qd7 20. Ng4 Nh7 21.
Ne4 Be7 22. Ng3 Nf6 23. Nxf6+ Bxf6 24. Nh5 Bg5 25. g4 Bxe3 26. Rxe3 Rxe3 27.
Qxe3 Kf8 28. Kg2 Re8 29. Qxe8+ Qxe8 30. Rxe8+ Kxe8 31. Nxg7+ Ke7 32. Nf5+ Kf6
33. Nxh6 Kg6 34. Nf5 Nd7 35. f4 a5 36. Kf3 b6 37. h4 Nf8 38. Ne7+ Kg7 39. f5
Nd7 40. g5 c5 41. f6+ Kf8 42. Nf5 cxd4 43. Nxd4 Ne5+ 44. Ke4 a4 45. Nb5 axb3
46. axb3 Ng6 47. h5 1-0

[Event "Offene Hessische Senioren Einzelmeisters"]
[Site "Bad Sooden- Allendorf"]
[Date "2011.05.04"]
[Round "5.78"]
[White "Meyer, Walter"]
[Black "Klose, Hans-Peter"]
[Result "1/2-1/2"]
[WhiteElo "1889"]
[BlackElo "1729"]
[PlyCount "50"]
[EventDate "2011.??.??"]

1. c4 Nf6 2. g3 g6 3. Bg2 Bg7 4. e4 d6 5. Ne2 e5 6. O-O O-O 7. Nbc3 c6 8. d3
Nbd7 9. Rb1 Rb8 10. b4 b5 11. Be3 Ng4 12. Bxa7 Rb7 13. h3 Rxa7 14. hxg4 bxc4
15. dxc4 Nb6 16. c5 dxc5 17. bxc5 Qxd1 18. Rfxd1 Nc4 19. f3 Ne3 20. Rd6 Bd7 21.
Rd3 Bh6 22. Kf2 Nxg2 23. Kxg2 Re8 24. Rbd1 Be6 25. a4 Bf8 1/2-1/2

[Event "Offene Hessische Senioren Einzelmeisters"]
[Site "Bad Sooden- Allendorf"]
[Date "2011.05.04"]
[Round "5.79"]
[White "Kirchberg, Hans-Georg"]
[Black "von Janta, Lothar"]
[Result "1/2-1/2"]
[WhiteElo "1538"]
[BlackElo "1993"]
[PlyCount "28"]
[EventDate "2011.??.??"]

1. d4 d5 2. Nf3 Nf6 3. e3 Nc6 4. Nbd2 Bg4 5. h3 Bh5 6. Be2 e6 7. O-O Be7 8. c3
O-O 9. Qc2 Bg6 10. Bd3 Bxd3 11. Qxd3 Nd7 12. e4 f6 13. Re1 Bd6 14. b3 Re8
1/2-1/2

[Event "Offene Hessische Senioren Einzelmeisters"]
[Site "Bad Sooden- Allendorf"]
[Date "2011.05.04"]
[Round "5.80"]
[White "Tomas, Johann"]
[Black "Grüneschild, Hildegard"]
[Result "1-0"]
[WhiteElo "1914"]
[BlackElo "1634"]
[PlyCount "107"]
[EventDate "2011.??.??"]

1. d4 Nf6 2. Bg5 d6 3. e3 c6 4. Bd3 Nbd7 5. c3 h6 6. Bh4 g6 7. Ne2 Bg7 8. Qc2
O-O 9. Bg3 e5 10. dxe5 Nxe5 11. Bxe5 dxe5 12. O-O Nh5 13. Ng3 Nxg3 14. fxg3 Qg5
15. Qf2 Be6 16. Nd2 f5 17. Bc4 Bxc4 18. Nxc4 Qe7 19. Rad1 Rad8 20. Qe2 Rd5 21.
e4 Qc5+ 22. Kh1 Rxd1 23. Rxd1 Kh7 24. exf5 Rxf5 25. Ne3 Rf7 26. h3 b5 27. a3 a5
28. Qd2 e4 29. h4 Qe5 30. Qe1 h5 31. g4 hxg4 32. Nxg4 Qf4 33. Qe2 Re7 34. Rf1
Qg3 35. Nf2 Qxh4+ 36. Nh3 Re5 37. Rf4 Qe7 38. Nf2 Rh5+ 39. Kg1 e3 40. Nh3 Bh6
41. Rg4 Qe5 42. Qd3 Qf5 43. Re4 Rxh3 44. Re7+ Bg7 45. Qxf5 gxf5 46. gxh3 Kg6
47. Rxe3 Bh6 48. Re6+ Kh5 49. Rxc6 Bc1 50. b4 axb4 51. axb4 Kh4 52. Rb6 Bd2 53.
Rxb5 Bxc3 54. Rxf5 1-0

[Event "Offene Hessische Senioren Einzelmeisters"]
[Site "Bad Sooden- Allendorf"]
[Date "2011.05.04"]
[Round "5.81"]
[White "Klüver, Horst"]
[Black "Geibel, Henning"]
[Result "1-0"]
[WhiteElo "1902"]
[BlackElo "1536"]
[PlyCount "83"]
[EventDate "2011.??.??"]

1. e4 e5 2. Nf3 d6 3. Nc3 Nf6 4. Bc4 h6 5. O-O Be7 6. h3 O-O 7. d4 exd4 8. Nxd4
c5 9. Nde2 a6 10. Nf4 Kh8 11. a4 a5 12. Qf3 Nc6 13. Be3 Ne5 14. Qe2 Nxc4 15.
Qxc4 b6 16. Rad1 Ba6 17. Nb5 Bxb5 18. axb5 Qe8 19. f3 a4 20. Qe2 Nd7 21. Nd5
Bd8 22. c4 a3 23. bxa3 Rxa3 24. Ra1 Rxa1 25. Rxa1 Qe5 26. Ra6 f5 27. exf5 Qxf5
28. Bf4 Qb1+ 29. Kh2 Qg6 30. Bg3 Re8 31. Qd1 Qe6 32. Qd3 Qe2 33. Qxe2 Rxe2 34.
Bxd6 Kh7 35. Ra7 Ne5 36. Bxe5 Rxe5 37. Rd7 Bg5 38. f4 Rf5 39. fxg5 Rxg5 40.
Nxb6 Rg6 41. Nd5 Re6 42. Rc7 1-0

[Event "Offene Hessische Senioren Einzelmeisters"]
[Site "Bad Sooden- Allendorf"]
[Date "2011.05.04"]
[Round "5.82"]
[White "Krause, Werner"]
[Black "Schneider, Miloca"]
[Result "0-1"]
[WhiteElo "1695"]
[BlackElo "1946"]
[PlyCount "81"]
[EventDate "2011.??.??"]

1. Nc3 d5 2. e4 d4 3. Nce2 c5 4. Nf3 Nc6 5. Ng3 e6 6. a3 Bd6 7. Bc4 Nge7 8. d3
O-O 9. Bg5 b5 10. Bb3 Qc7 11. Qe2 Ng6 12. Nh5 Be7 13. h4 Bb7 14. g3 Rad8 15.
Nh2 Na5 16. Ba2 c4 17. Bxe7 Qxe7 18. Rg1 f5 19. exf5 Rxf5 20. f4 Bd5 21. g4
Nxf4 22. gxf5 Qxh4+ 23. Qf2 Qxf2+ 24. Kxf2 Nxh5 25. fxe6 Bxe6 26. Rg5 Rf8+ 27.
Kg1 Nf4 28. Re5 Bd5 29. Rxd5 Nxd5 30. dxc4 Ne3 31. c5+ Kh8 32. Rc1 Nc6 33. b4
a6 34. Bb1 Nc4 35. c3 Nxa3 36. Bd3 dxc3 37. Rxc3 Ne5 38. Rb3 g5 39. Kg2 Rf4 40.
Nf3 h6 41. Bb1 {weitere 15 Züge nicht rekonstruierbar} 0-1

[Event "Offene Hessische Senioren Einzelmeisters"]
[Site "Bad Sooden- Allendorf"]
[Date "2011.05.04"]
[Round "5.83"]
[White "Didzuhn, Dr. Werner"]
[Black "Maczollek, Helmut"]
[Result "1-0"]
[WhiteElo "1930"]
[BlackElo "1685"]
[PlyCount "55"]
[EventDate "2011.??.??"]

1. e4 d6 2. d4 Nf6 3. Nc3 c6 4. a4 a5 5. Be2 Nbd7 6. Nf3 e6 7. O-O Be7 8. h3 e5
9. Bg5 O-O 10. Qd2 Ne8 11. Bxe7 Qxe7 12. Rfe1 b6 13. Rad1 Ba6 14. dxe5 Nxe5 15.
Bxa6 Nxf3+ 16. gxf3 Rxa6 17. f4 Ra8 18. Re3 Rd8 19. Kh1 Nc7 20. Rg3 f5 21. Rdg1
g6 22. Rg5 Ne6 23. Rxf5 Rxf5 24. exf5 Nf8 25. fxg6 hxg6 26. f5 Kh7 27. Qf4 Kg7
28. Ne4 1-0

[Event "Offene Hessische Senioren Einzelmeisters"]
[Site "Bad Sooden- Allendorf"]
[Date "2011.05.04"]
[Round "5.84"]
[White "Schmieder, Wolfgang"]
[Black "Mittelstaedt, Ewald"]
[Result "1/2-1/2"]
[WhiteElo "1868"]
[BlackElo "1684"]
[PlyCount "60"]
[EventDate "2011.??.??"]

1. c4 c5 2. Nc3 Nf6 3. Nf3 Nc6 4. d4 cxd4 5. Nxd4 e5 6. Nxc6 bxc6 7. Bg5 Be7 8.
g3 h6 9. Bxf6 Bxf6 10. Bg2 O-O 11. O-O Rb8 12. Rb1 Bb7 13. b3 Qc7 14. e4 Be7
15. Na4 d6 16. Qh5 Bc8 17. f4 Bf6 18. f5 Kh7 19. Qf3 a5 20. Rbd1 Rd8 21. Rd3
Qa7+ 22. Kh1 Bg5 23. Rfd1 Qc7 24. Qe2 Bb7 25. h4 Bf6 26. Qd2 Be7 27. Kh2 c5 28.
Nc3 Bc6 29. Nd5 Bxd5 30. Rxd5 Qb6 1/2-1/2

[Event "Offene Hessische Senioren Einzelmeisters"]
[Site "Bad Sooden- Allendorf"]
[Date "2011.05.04"]
[Round "5.85"]
[White "Schumacher, Ursula"]
[Black "Strozewski, Günter"]
[Result "0-1"]
[WhiteElo "1667"]
[BlackElo "1865"]
[PlyCount "80"]
[EventDate "2011.??.??"]

1. c4 e6 2. Nc3 Nf6 3. Nf3 b6 4. g3 Bb7 5. Bg2 Bc5 6. O-O h5 7. d4 Be7 8. Bg5
Ng4 9. Bxe7 Qxe7 10. e3 a6 11. Re1 Qb4 12. Qb3 Qe7 13. a3 Nc6 14. Qd1 Na5 15.
b3 Qf6 16. e4 d6 17. Ra2 g5 18. h3 Nh6 19. Nh2 O-O-O 20. Nf1 Nc6 21. Rd2 e5 22.
d5 Nd4 23. Ne3 Kb8 24. b4 Bc8 25. Kh2 h4 26. Rf1 hxg3+ 27. fxg3 Qg6 28. Rdf2
Rdf8 29. Rf6 Qg7 30. R6f2 Qh7 31. Rh1 f5 32. exf5 Nhxf5 33. Nxf5 Nxf5 34. Qd3
Qe7 35. g4 Nd4 36. Rxf8 Qxf8 37. Rf1 Qe7 38. Rf2 Rf8 39. Rxf8 Qxf8 40. Ne4 Qf4+
0-1

[Event "Offene Hessische Senioren Einzelmeisters"]
[Site "Bad Sooden- Allendorf"]
[Date "2011.05.04"]
[Round "5.86"]
[White "van Vorselen, Theo"]
[Black "Auerswald, Dr. Gottfried"]
[Result "1-0"]
[WhiteElo "1858"]
[BlackElo "1703"]
[PlyCount "87"]
[EventDate "2011.??.??"]

1. e4 c6 2. d4 d5 3. exd5 cxd5 4. c4 e6 5. Nc3 Nf6 6. Nf3 Nc6 7. Bd3 Be7 8. O-O
O-O 9. h3 a6 10. Be3 dxc4 11. Bxc4 b5 12. Bd3 Nb4 13. Bb1 Bb7 14. Ne5 Rc8 15.
a3 Nbd5 16. Nxd5 Qxd5 17. f3 Rfd8 18. Be4 Nxe4 19. Nxf7 Rf8 20. Ne5 Ng3 21. Rf2
Bh4 22. Rd2 Nf5 23. Bf2 Bxf2+ 24. Kxf2 Rfd8 25. Qe1 Nd6 26. Rad1 Nc4 27. Re2
Rd6 28. Rd3 Nxe5 29. Rxe5 Re8 30. Rxd5 Bxd5 31. Rc3 Rc6 32. Rxc6 Bxc6 33. Qe5
Bd5 34. Qc7 h6 35. Ke3 Kh7 36. g3 Rf8 37. f4 Kg6 38. h4 Rf7 39. h5+ Kf6 40. Qb6
Bb7 41. Qd6 Kf5 42. Qe5+ Kg4 43. Qxe6+ Rf5 44. Qg6+ 1-0